LIBRARY & INFORMATION CENTRE, KCAET, TAVANUR

ONLINE PUBLIC ACCESS CATALOGUE (OPAC)

Hand Book of Environmental Agriculture Economics (Record no. 14578)

MARC details
000 -LEADER
fixed length control field 00311nam a22001217a 4500
020 ## - INTERNATIONAL STANDARD BOOK NUMBER
ISBN 9789382974000
082 ## - DEWEY DECIMAL CLASSIFICATION NUMBER
Classification number 630.33
Item number ARV/HA
100 ## - MAIN ENTRY--AUTHOR NAME
Personal name Aravind Goyal
245 ## - TITLE STATEMENT
Title Hand Book of Environmental Agriculture Economics
260 ## - PUBLICATION, DISTRIBUTION, ETC. (IMPRINT)
Place of publication Delhi
Name of publisher Navyug Books International
Year of publication 2013
300 ## - PHYSICAL DESCRIPTION
Number of Pages 248
942 ## - ADDED ENTRY ELEMENTS (KOHA)
Koha item type Books
Holdings
Withdrawn status Lost status Damaged status Collection code Home library Current library Shelving location Date acquired Source of acquisition Cost, normal purchase price Full call number Accession Number Koha item type
        KAUAET KAUAET General Stacks 18/07/2016 Ganesh Book Centre 850.00 630.33 ARV/HA 24859 Books
free website counter